| 000 | 00720nam a2200193Ia 4500 | ||
|---|---|---|---|
| 003 | GCL | ||
| 008 | 140319s9999 xx 000 0 ara d | ||
| 040 |
_aGCL / _cGCL |
||
| 082 | 0 | 4 |
_a333.82 _bع ه |
| 100 | 1 | _aعبدالرازق الفارس | |
| 245 | 1 | 0 |
_aهدر الطاقة : التنمية ومعضلة الطاقة فى الوطن العربى / _cعبدالرازق الفارس |
| 300 | _a375 ص | ||
| 490 |
_aالهيئة العامة للاستعلامات _v0 |
||
| 650 | 0 | 4 | _aالطاقة |
| 650 | 0 | 4 | _aالطاقة - البلدان العربية |
| 650 | 0 | 4 | _aاستهلاك الطاقة - البلدان العربية |
| 650 | 0 | 4 | _aالكهرباء - البلدان العربية |
| 942 |
_2ddc _cBK |
||
| 999 |
_c48902 _d48902 |
||